Responses for Show #8852 - Tuesday, April 18, 2023

Deb Bilodeau game 1.

Contestants

[<< previous game]

Jeremy Felton, a chemist from Cary, North Carolina

Deb Bilodeau, a winemaker from Oakland, California

Daniel Ciarrocchi, a writer from Baltimore, Maryland (whose 1-day cash winnings total $16,001)

[next game >>]

Jeopardy! Round responses

SECRETS OF THE ELEPHANTS
(Ken: A new series premiering for Earth Day.)
LET'S GUESS YOUR WAIT
HOROSCOPES
____ & ____
OK MILLENNIAL
U.S. + CANADIAN POSTAL ABBREVS.
(Ken: You'll have to expand both of the two abbreviations that we've combined.)
    $200 30
(Ken: Our thanks to National Geographic and Secrets of the Elephants; you can watch that series starting on Friday.)

memory

Daniel
    $200 28
heels

Triple Stumper
    $200 11
Virgo

Deb
    $200 14
flesh & blood

Daniel
    $200 3
Carrie Underwood

Daniel
    $200 1
Massachusetts & Saskatchewan

Deb
    $400 29
using tools

Jeremy
    $400 27
Moses

Deb
    $400 12
(Jeremy: What is Gemini?)

Libra

DebJeremy
    $400 25
oil & water

Daniel
    $400 8
Miss USA

Deb
    $400 4
California & Nova Scotia

Daniel
    $600 26
pygmy

Deb
    $600 19
the Boston Red Sox

Daniel
    $600 16
Aquarius

Deb
    $600 7
Trinidad & Tobago

Jeremy
    $600 13
"MMMBop"

Jeremy
    $600 5
Nebraska & Ontario

Deb
    $800 22
sparring

Daniel
    $800 20
Rip Van Winkle

Deb
    $800 2
Scorpio

Jeremy
    $800 24
bread & butter

Jeremy
    $800 17
the slam dunk contest

Jeremy
    $800 9
Arkansas & Alberta

Daniel
    $1000 23
(Deb: What is the African elephant?)

the savanna

DanielDeb
    $1000 21
(Jeremy: Who is Jesse Helms?)

Strom Thurmond

DanielJeremy
    $1,000 6
Aries

Deb
    $1000 18
(Deb: What are a baby and a carriage?)

horse & carriage

DanielDeb
    $1000 15
(Ken: I don't know if you saw that TV movie, but you knew it anyway.)

The Dukes of Hazzard

Jeremy
    $1000 10
Iowa & Manitoba

Daniel

Scores at the first commercial break (after clue 15):

Daniel Deb Jeremy
$2,600 $2,800 $2,600

Scores at the end of the Jeopardy! Round:

Daniel Deb Jeremy
$7,600 $3,200 $3,600

Double Jeopardy! Round responses

SAVOIR FAIR
THEIR FIRST PUBLISHED NOVEL
OLD WAR
THE OTTO CLUB
TV MOMS
DEFINITIONS FROM THE DEVIL'S DICTIONARY
(Ken: By Ambrose Bierce--He originally called it The Cynics Word Book and I think we're going to find out why.)
    $400 3
Champagne

Deb
    $400 17
Anne Rice

Daniel
    $400 29
Sparta

Deb
    $400 28
Antarctica

Deb
    $400 30
Arrested Development

Daniel
    $400 1
a handkerchief

Deb
    $800 4
lemons

Deb
    $800 18
(John) Green

Deb
    $800 13
Pisa

Deb
    $800 27
fission

Jeremy
    $800 11
Morticia Addams

Daniel
    $800 2
(Deb: What is a novella?)

a novel

Deb
Triple Stumper
    $1200 5
Corsica

Deb
    $1200 19
Eco

Deb
    $2,500 12
(Daniel: What... are...)

the Wars of the Roses

Daniel
    $1200 24
center

Jeremy
    $1200 8
Georgia

Triple Stumper
    $2,500 14
armor

Deb
    $1600 6
(Deb: What is Chamonix?)

Grenoble

Deb
Triple Stumper
    $1600 20
(William) Gibson

Deb
    $1600 22
Charles Martel

Triple Stumper
    $1600 26
(Ken: With less than a minute.)

Reich

Deb
    $1600 9
Little House on the Prairie

Daniel
    $1600 15
(Jeremy: What is mustard?)

mayonnaise

DebJeremy
    $2000 7
Rabelais

Triple Stumper
    $2000 21
(Ken: Great spy novelist, [*].)

John le Carré

Triple Stumper
    $2000 23
the Janissaries

Triple Stumper
    $2000 25
Art Nouveau

Deb
    $2000 10
Katey Sagal

Jeremy
    $2000 16
abscond

Jeremy

Scores at the end of the Double Jeopardy! Round:

Daniel Deb Jeremy
$8,300 $16,500 $8,000

[wagering suggestions for these scores]

Final Jeopardy! Round responses

THE OSCARS
JeremyWho is John Williams?
$8,000
DanielWho is John Williams?
$8,202
DebWho is John Williams?
$101
John Williams

Final scores:

Daniel Deb Jeremy
$16,502 $16,601 $16,000
2nd place: $2,000 New champion: $16,601 3rd place: $1,000

Game dynamics:

Coryat scores:

Daniel Deb Jeremy
$10,800 $15,200 $8,000
16 R,
1 W
(including 1 DD)
24 R
(including 2 DDs),
4 W
11 R,
3 W

Combined Coryat: $34,000

[game clues] [game scores] [suggest correction]

Game tape date: 2023-02-07
The J! Archive is created by fans, for fans. Scraping, republication, monetization, and malicious use prohibited; this site may use cookies and collect identifying information. See terms. The Jeopardy! game show and all elements thereof, including but not limited to copyright and trademark thereto, are the property of Jeopardy Productions, Inc. and are protected under law. This website is not affiliated with, sponsored by, or operated by Jeopardy Productions, Inc. Join the discussion at JBoard.tv.